| 000 | 00755nam#a22002535a#4500 | ||
|---|---|---|---|
| 001 | 2080 | ||
| 008 | 130418s2007####ag#a###g######001#0#spa#d | ||
| 245 | 1 | 0 |
_aEfemérides escolar / _cAdriana Ballesteros ; ilustrado por Paula Casey ; dirigido por Hugo Jerez Mantaras. |
| 250 | _a1ª ed. | ||
| 260 |
_aResistencia : _bJerez, _c2007. |
||
| 300 |
_a446 p. : _bfot. col., il. col. ; _c27 cm. |
||
| 020 | _a9789872407308 | ||
| 100 | 1 | _aBallesteros, Adriana. | |
| 700 | 1 |
_aCasey, Paula, _eilustrador. _4ill |
|
| 700 | 1 |
_aJerez Mantaras, Hugo, _edirector. _4drt |
|
| 080 | _a371.239 | ||
| 084 | _aB18 | ||
| 653 | _aEfemérides | ||
| 653 | _aEfemérides escolares | ||
| 040 |
_aAR-ClEAG _cAR-ClEAG |
||
| 005 | 20241107184732.0 | ||
| 003 | AR-ClEAG | ||
| 942 | _cBK | ||
| 999 |
_c2080 _d2080 |
||
| 980 |
_62 _aEvangelina Gallicchio _82 _gEvangelina Gallicchio |
||